| 000 | 00572nam a2200169Ia 4500 | ||
|---|---|---|---|
| 008 | 090711s9999 xx 000 0 und d | ||
| 082 | _b1755 | ||
| 100 | _aसोहनी कमलाबाई | ||
| 245 | _aवादळापूर्वी | ||
| 260 |
_b"महाराष्ट्र प्रकाशन गृह," _c1937 |
||
| 300 | _a169 | ||
| 600 | _aसोहनी कमलाबाई | ||
| 630 | _aवादळापूर्वी | ||
| 700 | _aसोहनी कमलाबाई | ||
| 730 | _aवादळापूर्वी | ||
| 942 | _cBOOK | ||
| 999 |
_c287653 _d287653 |
||